Fashion Designer Match-Up Quiz Stats

Quiz Updated May 18, 2015

Also try: Fashion Logos
Challenge
Share
Tweet
Score 0/24 Timer 05:00
0 Plays Today
% Correct
Calvin
98.9%
Coco
97.5%
Ralph
96.8%
Tommy
96.8%
Louis
96%
Giorgio
94.9%
Christian
93.9%
Vera
92.9%
Yves
90.5%
Jimmy
88.4%
Michael
86.9%
Marc
86.4%
% Correct
Donatella
83.9%
Stella
81.6%
Donna
79.5%
Karl
76.8%
Tom
75%
Pierre
68.3%
Carolina
59%
Valentino
49.6%
John
49%
Stefano
45%
Domenico
43.6%
Miuccia
42.6%

You're not logged in!

Compare scores with friends on all Sporcle quizzes.
Sign Up with Email
OR
Log In

You Might Also Like...

Show Comments

Extras

Top Quizzes Today


Score Distribution

Your Account Isn't Verified!

In order to create a playlist on Sporcle, you need to verify the email address you used during registration. Go to your Sporcle Settings to finish the process.